Chinese pottery and porcelain: (Record no. 128904)
[ view plain ]
| 000 -LEADER | |
|---|---|
| fixed length control field | 01207cam a22002771 4500 |
| 001 - CONTROL NUMBER | |
| control field | 7304541 |
| 003 - CONTROL NUMBER IDENTIFIER | |
| control field | ARRUPE |
| 005 - DATE AND TIME OF LATEST TRANSACTION | |
| control field | 20190205120948.0 |
| 008 - FIXED-LENGTH DATA ELEMENTS--GENERAL INFORMATION | |
| fixed length control field | 751027s1915 enkaf b 000 0 eng |
| 010 ## - LIBRARY OF CONGRESS CONTROL NUMBER | |
| LC control number | 16003629 |
| 035 ## - SYSTEM CONTROL NUMBER | |
| System control number | (OCoLC)1737356 |
| 040 ## - CATALOGING SOURCE | |
| Original cataloging agency | DLC |
| Transcribing agency | NAlfC |
| Modifying agency | OCoLC |
| -- | DLC |
| 042 ## - AUTHENTICATION CODE | |
| Authentication code | premarc |
| 050 00 - LIBRARY OF CONGRESS CALL NUMBER | |
| Classification number | SPC. NK4165 |
| Item number | .H7 |
| 300 ## - PHYSICAL DESCRIPTION | |
| Other physical details | col. fronts., illus., 134 pl. (part col.) |
| Dimensions | 22 cm. |
| 100 1# - MAIN ENTRY--PERSONAL NAME | |
| Personal name | Hobson, R. L. |
| Fuller form of name | (Robert Lockhart), |
| Dates associated with a name | 1872-1941. |
| 9 (RLIN) | 44396 |
| 245 10 - TITLE STATEMENT | |
| Title | Chinese pottery and porcelain: |
| Remainder of title | an account of the potter's art in China from primitive times to the present day, |
| Statement of responsibility, etc | by R.L. Hobson |
| 260 ## - PUBLICATION, DISTRIBUTION, ETC. (IMPRINT) | |
| Place of publication, distribution, etc | New York [etc.] |
| Name of publisher, distributor, etc | Dover Publications, |
| Date of publication, distribution, etc | 1976. |
| 300 ## - PHYSICAL DESCRIPTION | |
| Extent | xxx, 326p. ; |
| 500 ## - GENERAL NOTE | |
| General note | Each frontispiece accompanied by guard sheet with descriptive letterpress. |
| 500 ## - GENERAL NOTE | |
| General note | "This edition is limited to 1,500 copies." |
| 504 ## - BIBLIOGRAPHY, ETC. NOTE | |
| Bibliography, etc | Bibliography: vol. I, p. xxvii-xxx. |
| 505 0# - FORMATTED CONTENTS NOTE | |
| Formatted contents note | I. Pottery and early wares.--II. Ming and Chʻing porcelain. |
| 650 #0 - SUBJECT ADDED ENTRY--TOPICAL TERM | |
| Topical term or geographic name as entry element | Pottery |
| Geographic subdivision | Chinese |
| 9 (RLIN) | 44397 |
| 906 ## - LOCAL DATA ELEMENT F, LDF (RLIN) | |
| a | 7 |
| b | cbc |
| c | oclcrpl |
| d | u |
| e | ncip |
| f | 19 |
| g | y-gencatlg |
| 942 ## - ADDED ENTRY ELEMENTS (KOHA) | |
| Source of classification or shelving scheme | Library of Congress Classification |
| Koha item type | SPC |
| Withdrawn status | Lost status | Source of classification or shelving scheme | Damaged status | Not for loan | Collection code | Home library | Current library | Shelving location | Date acquired | Total Checkouts | Full call number | Barcode | Date last seen | Price effective from | Koha item type |
|---|---|---|---|---|---|---|---|---|---|---|---|---|---|---|---|
| Library of Congress Classification | SPECIAL Collection | ARRUPE LIBRARY | ARRUPE LIBRARY | REFERENCE | 05/02/2019 | SPC. NK4165 .H7 | 46600003618 | 05/02/2019 | 05/02/2019 | SPC |